000
00283nam a2200121Ia 4500
100
_a
Kreyszig/E
942
_c
BK
654
_a
engineering
245
_a
Advanced Engineering Mathematics
260
_b
WILEY EASTERN LIMITED
_a
New Delhi
_c
1985
082
_a
510
_b
KRE
546
_a
ENGLISH
999
_c
34457
_d
34457